LEADER 00805nam a2200217 i 4500 001 000000337194 003 CaOOAMICUS 005 20210204141105.0 008 191017s1967 fr u000 u fre u 013 $a176512 040 $aSeMil$bita 100 1 $aClaudel, Paul,$d<1868-1955>.$0(OLS)http://semarc/name/849 245 12$aL'annonce faite a Marie /$cPaul Claudel. 250 $aEd. augmentée d'une variante pour la scène de l'Acte 4. 264 1$aParis :$bGallimard,$c1967. 300 $a217 p. ;$c19 cm. 850 $aSeMil 852 $aSeMil$W1$xVenegono$y1$m1U I 101/A$j218939$B230783$CSeMilBibl$Z2$F230783 $81 996 $6245$aL'annonce faite a Marie$9(OLS)http://semarc/title/285724 996 $6264$aParis :$bGallimard$9(OLS)http://semarc/publisher/29952 LEADER 01045nam a2200277 i 4500 001 000000190278 003 CaOOAMICUS 005 20150219000000.0 008 150219s1943 it u000 u ita u 013 $a168646 040 $aSeMil$bita 100 1 $aToth, Tihamer.$0(OLS)http://semarc/name/40088 245 10$aGiovinezza pura /$cTihamer Toth ; traduzione autorizzata dal tedesco di Ugo Camozzo. 250 $a7. ed. 260 $aVenezia :$bEmiliana,$c1943. 300 $a195 p. ;: ill. ;$c22 cm. 500 $aFondo card. Giovanni Colombo. 650 4$aCastità.$0(OLS)http://semarc/subject/6546 650 4$aEducazione sessuale.$0(OLS)http://semarc/subject/10205 700 1 $aCamozzo, Ugo.$0(OLS)http://semarc/name/5997 850 $aSeMil 852 $aSeMil$W1$xVenegono$y1$m3GC V 145$j140906$B140906$CSeMilBibl$Z2$F152517 $8B 941 1 $a3 961 $aLascito: Colombo Card. Giovanni 996 $6245$aGiovinezza pura$9(OLS)http://semarc/title/77432 996 $6260$aVenezia :$bEmiliana$9(OLS)http://semarc/publisher/42114